Transformation du marketing et du processus de vente en lien avec les changements de comportement du client slovaque dans un contexte de développement durable

Teoretické východiská problematiky. Prieskum týkajúci sa marketingu predajného miesta, nákupu ekologických produktov, motivácie k nákupu a druhov predajných miest.

Salvato in:
Dettagli Bibliografici
Autore principale: Kita, Pavol
Altri autori: Lapšanský, Ladislav, Daňo, Ferdinand, 1959-, Konštiak, Pavol, Kita, Jaroslav
Natura: Capitolo di libro
Lingua:francese
Soggetti:
Tags: Aggiungi Tag
Nessun Tag, puoi essere il primo ad aggiungerne!!

MARC

LEADER 00000naa$a2200000$$$4500
001 0236361
005 20240502083630.6
041 0 |a fre 
044 |a CZ 
245 1 0 |a Transformation du marketing et du processus de vente en lien avec les changements de comportement du client slovaque dans un contexte de développement durable  |c Pavol Kita, Ladislav Lapšanský, Ferdinand Daňo, Pavol Konštiak, Jaroslav Kita 
520 |a Teoretické východiská problematiky. Prieskum týkajúci sa marketingu predajného miesta, nákupu ekologických produktov, motivácie k nákupu a druhov predajných miest. 
610 2 0 |a marketing 
610 2 0 |a predaj 
610 2 0 |a správanie spotrebiteľa 
610 2 0 |a rozvoj trvalo udržateľný 
610 2 0 |a Slovensko 
610 2 0 |a prieskum 
100 1 |a Kita, Pavol 
700 1 |a Lapšanský, Ladislav 
700 1 |a Daňo, Ferdinand, 1959- 
700 1 |a Konštiak, Pavol 
700 1 |a Kita, Jaroslav